Hard World Capitals - Statistics

General Stats
  • This quiz has been taken 16 times
  • The average score is 14 of 16
Answer Stats
Hint Answer % Correct
Brunei Bandar Seri Begawan
100%
Central AfricanRepublic Bangui
100%
Tajikistan Dushanbe
100%
Rwanda Kigali
100%
Burkina Faso Ouagadougou
100%
Montenegro Podgorica
100%
Liechtenstein Vaduz
100%
Malta Valletta
100%
Turkmenistan Ashgabat
93%
Comoros Moroni
93%
Tonga Nuku'alofa
93%
Saint Lucia Castries
80%
Equatorial Guinea Ciudad de la Paz
67%
Grenada Saint George's
67%
Kiribati South Tarawa
67%
Georgia Tbilisi
27%
No matching quizzes found
Score Distribution
Percent of People with Each Score
Percentile by Number Answered
Your Score History
You have not taken this quiz